Guess the Fusion Rock Song Lyrics #172 - Statistics

General Stats
  • This quiz has been taken 12 times
  • The average score is 110 of 204
Answer Stats
Answer % Correct
I
100%
A
90%
a
90%
And
90%
and
90%
is
90%
night
90%
no
90%
of
90%
She
90%
the
90%
The
90%
time
90%
to
90%
you
90%
your
90%
all
80%
day
80%
do
80%
for
80%
I'll
80%
in
80%
its
80%
my
80%
on
80%
On
80%
right
80%
take
80%
up
80%
We're
80%
what
80%
What
80%
with
80%
at
70%
can
70%
Gonna
70%
Just
70%
There
70%
way
70%
always
60%
away
60%
come
60%
Got
60%
had
60%
Has
60%
may
60%
place
60%
was
60%
beat
50%
dance
50%
get
50%
life
50%
looking
50%
move
50%
never
50%
Ooh
50%
ooh
50%
yeah
50%
Yeah
50%
she'd
40%
another
30%
blue
30%
Doing
30%
doing
30%
feet
30%
little
30%
driver's
20%
Driver's
20%
own
20%
people
20%
Pick
20%
pick
20%
Saturday
20%
seat
20%
smiled
20%
Jenny
10%
meet
10%
news
10%
Sniff n Tears
10%
sweet
10%
elite
0%
jiving
0%
remember
0%
strife
0%
trick
0%
trouble
0%
No matching quizzes found
Score Distribution
Percent of People with Each Score
Percentile by Number Answered
Your Score History
You have not taken this quiz